00863nam a22002297a 450000500170000001000150001702000270003203500140005903700130007308200130008610000150009924501390011426000400025327000450029330000280033850000510036670000230041770000200044094200270046099900190048795201270050620161129154924.0 aENG-116703 a9788184845938c1850.00 aEN-100235 bDBAD/PUB a323.0954 aAmit Singh a protection of human rights through non-governmental organisation (NGOs)/cedited by Amit Singh, Vivek Kumar Gupta [and] Kiran Saksena aNew DelhibRegal Publicationsc2017 aF-159, Rajouri GardenbNew Delhie110027 axxviii,340p. c23cm(Hb) aIncludes bibliographical references and index aGupta, Kumar Vivek a Saksena, Kiran 2ddccENh323.0954mPRO c104841d104841 001040718NFICaDBADbBNd2016-11-29eDBAD/PUBg1850.00l0o323.0954 PROpEN-100235r2016-11-29 00:00:00t1v1850.00yEN